ديوان الجنة الاولى
محفوظ في:
المؤلف الرئيسي:
التنسيق: كتاب
اللغة: Undetermined
منشور في:
Al-Qāhirah
matbaeat halim bisharie nubar
الوسوم: إضافة وسم
لا توجد وسوم, كن أول من يضع وسما على هذه التسجيلة!
رقم الطلب: P33 SEMP
| LEADER | 00349nam a2200121Ia 4500 | ||
|---|---|---|---|
| 008 | 240404s9999||||xx |||||||||||||| ||und|| | ||
| 050 | 4 | |a P33 SEMP | |
| 100 | 1 | |a يوسف سمباج. | |
| 245 | 1 | 0 | |a ديوان الجنة الاولى |c يوسف سمباج |
| 264 | 1 | |a Al-Qāhirah |b matbaeat halim bisharie nubar | |
| 300 | |a 112 |c 20 | ||
| 942 | |2 lcc |c BK | ||
| 999 | |c 58105 |d 58105 | ||
